| 000 | 01199nam a2200301 a 4500 | ||
|---|---|---|---|
| 003 | BLK | ||
| 005 | 20250415130744.0 | ||
| 008 | 230323b bu |||||r|||| 00| | bu d | ||
| 020 | _a9786191913381 | ||
| 020 | _a9789546604378 | ||
| 040 | _aBLK | ||
| 041 |
_aBUL _cBUL |
||
| 080 |
_aБотаника. Вж и 631/635, Ботанически резервати вж 502.7 _b58 _x(031) _z58(031) _9227434 |
||
| 100 | 1 |
_937381 _aБедойер, Камила де ла |
|
| 245 |
_aЖивотът на растенията _cКамила де ла Бедойере ; консулт. Барбара Тейлър |
||
| 260 |
_9402324 _aСофия _bArt Еternal _c2017 |
||
| 300 |
_a40 с. _bс цв. ил. _c25 см |
||
| 380 | _aDN | ||
| 490 |
_9486945 _a Детска енциклопедия |
||
| 650 | 7 |
_9168966 _aРастения |
|
| 650 | 7 |
_9154962 _aЕнциклопедии, детски |
|
| 700 |
_9444300 _aТейлър, Барбара _eконсулт. |
||
| 852 |
_aЦб _bО |
||
| 856 |
_i0.00 _ldisable |
||
| 942 |
_cKNG _n0 _s1 _02 |
||
| 944 |
_aCR _c2023-03-23 _k30537 _lГрета Цуфелде |
||
| 999 |
_c489975 _d489975 |
||